| 000 | 01209nam0a2200277 i 4500 | ||
|---|---|---|---|
| 001 | RU\NLR\BIBL_A\011011291 | ||
| 005 | 20260405091417.0 | ||
| 035 | _a(NLR Aleph) 011011291 | ||
| 090 |
_a11025142 _c11025142 |
||
| 100 | _a20160317d2015 u y0rusy50 ca | ||
| 101 | 0 | _arus | |
| 102 | _aRU | ||
| 105 | _aabchz 000yy | ||
| 200 | 1 |
_aИз истории невских берегов _fС.Б. Соколова |
|
| 210 |
_aСанкт-Петербург _cВерста _d2015 |
||
| 215 |
_a154, [2] с. _cил., портр., к., факс. _d29 |
||
| 606 | 1 |
_aЦеркви и соборы _yЛенинградская область _92214093 _3RU\NLR\AUTH\661329915 |
|
| 607 |
_aНевская Дубровка, поселок городского типа (Ленинградская область) _xИстория _z20 - нач. 21 вв. _92278755 _3RU\NLR\AUTH\6601593797 |
||
| 686 | 1 | _aТ3(2Р-4Ле)7,02 | |
| 686 | 2 | _aЭ372.24-655 | |
| 700 | 1 |
_8rus _7ca _aСоколова _bС. Б. _cисторик, краевед _f1957-2019 _gСветлана Борисовна _3RU\NLR\AUTH\7732803 _915811 |
|
| 942 | _cBOOK | ||
| 980 | _aNBR | ||